[Event "Pribina - TPK Cup   Mistrovství ÈR junio"]
[Site "Havlíèkùv Brod - hotel Slunce"]
[Date "2012.11.27"]
[Round "3.1"]
[White "Kraus, Tomáš"]
[Black "Krátký, Josef"]
[Result "1-0"]
[WhiteElo "2290"]
[BlackElo "1977"]
[PlyCount "93"]
[EventDate "2012.11.25"]

1. d4 Nf6 2. Nf3 e6 3. g3 c5 4. Bg2 d5 5. c4 Nc6 6. cxd5 exd5 7. Nc3 h6 8. O-O
Be7 9. dxc5 Bxc5 10. Na4 Be7 11. Be3 O-O 12. Rc1 Re8 13. Nd4 Bd7 14. Nc5 Bxc5
15. Rxc5 Qe7 16. Nxc6 Bxc6 17. Re1 Ne4 18. Rc2 a6 19. Bd4 Rad8 20. e3 Ng5 21.
h4 Ne4 22. Qg4 Nf6 23. Qf4 Qe6 24. Bxf6 Qxf6 25. Qxf6 gxf6 26. Rd1 Kg7 27. Rd4
Rc8 28. Bh3 Rc7 29. Rxd5 Bxd5 30. Rxc7 Bxa2 31. Rxb7 Rd8 32. Rd7 Rb8 33. Rd2
Bc4 34. Bf1 Bxf1 35. Kxf1 h5 36. Ke2 Rb6 37. Kd3 Rc6 38. b3 f5 39. Ra2 Kf6 40.
Ra5 Ke6 41. Kd4 Rb6 42. Kc4 Rc6+ 43. Rc5 Rb6 44. Rc8 Ke5 45. Re8+ Kd6 46. Rh8
Rc6+ 47. Kd3 1-0

[Event "Pribina - TPK Cup   Mistrovství ÈR junio"]
[Site "Havlíèkùv Brod - hotel Slunce"]
[Date "2012.11.27"]
[Round "3.2"]
[White "Baláèek, Tadeáš"]
[Black "Alfimov, Igor"]
[Result "1-0"]
[WhiteElo "2216"]
[BlackElo "1961"]
[PlyCount "67"]
[EventDate "2012.11.25"]

1. d4 Nf6 2. c4 g6 3. g3 d5 4. cxd5 Nxd5 5. Bg2 Bg7 6. e4 Nb6 7. Ne2 c5 8. d5
O-O 9. O-O e6 10. Nec3 exd5 11. exd5 Nc4 12. Nd2 Nd6 13. Nde4 b6 14. Bg5 f6 15.
Nxd6 Qxd6 16. Bf4 Qd7 17. Re1 Bb7 18. Qb3 Kh8 19. h4 h6 20. Re6 Na6 21. Rae1
Rae8 22. Qb5 Qxb5 23. Nxb5 Rd8 24. Re7 Bxd5 25. Bxd5 Rxd5 26. Rxa7 Nb4 27. Ree7
Nc6 28. Rxg7 Nxa7 29. Rxa7 g5 30. hxg5 fxg5 31. Be3 Rf6 32. Nc3 Rd3 33. Rb7 Re6
34. Kg2 1-0

[Event "Pribina - TPK Cup   Mistrovství ÈR junio"]
[Site "Havlíèkùv Brod - hotel Slunce"]
[Date "2012.11.27"]
[Round "3.3"]
[White "Kozel, Jiøí"]
[Black "Malý, Marek"]
[Result "1-0"]
[WhiteElo "2051"]
[BlackElo "2143"]
[PlyCount "125"]
[EventDate "2012.11.25"]

1. e4 e6 2. d4 d5 3. Nc3 Nf6 4. Bg5 Be7 5. e5 Nfd7 6. h4 h6 7. Bxe7 Qxe7 8. Qg4
O-O 9. Nf3 c5 10. O-O-O Nc6 11. Re1 a6 12. Kb1 cxd4 13. Nxd4 Ncxe5 14. Qg3 Qb4
15. Rxe5 Nxe5 16. Qxe5 f6 17. Qe3 e5 18. Nb3 d4 19. Qe4 f5 20. Qd5+ Kh8 21. Nd1
Re8 22. f3 Be6 23. Qa5 Qd6 24. Nf2 b6 25. Qd2 a5 26. Bb5 Rec8 27. Re1 a4 28.
Nc1 Qd5 29. Qe2 Rc5 30. Bd3 Rac8 31. g4 fxg4 32. Nxg4 Bxg4 33. fxg4 Rf8 34. g5
Qf3 35. gxh6 gxh6 36. Qxf3 Rxf3 37. Bg6 Rh3 38. h5 Rh2 39. Ne2 Rc6 40. a3 Rf6
41. Ng3 Rg2 42. Ne4 Rf4 43. Nd6 Rf6 44. Nf7+ Kg7 45. Nxe5 Re6 46. Kc1 Rg5 47.
Nf3 Rxe1+ 48. Nxe1 Kf6 49. Nf3 Rg4 50. Kd2 Rf4 51. Ke2 Ke6 52. Be8 Kf5 53. Nd2
Rh4 54. Kd3 Ke6 55. Nf3 Rh1 56. Nxd4+ Ke5 57. Nf3+ Kd5 58. Bf7+ Kc5 59. Ne5
Rh3+ 60. Kd2 Kd4 61. Ng4 Rg3 62. c3+ Ke4 63. Bg6+ 1-0

[Event "Pribina - TPK Cup   Mistrovství ÈR junio"]
[Site "Havlíèkùv Brod - hotel Slunce"]
[Date "2012.11.27"]
[Round "3.4"]
[White "Hošek, Martin"]
[Black "Pùlpán, Jakub"]
[Result "1/2-1/2"]
[WhiteElo "2027"]
[BlackElo "2099"]
[PlyCount "50"]
[EventDate "2012.11.25"]

1. d4 d5 2. c4 e6 3. Nc3 Nf6 4. Bg5 Be7 5. Nf3 O-O 6. e3 h6 7. Bh4 b6 8. Qc2
Nbd7 9. Rd1 Bb7 10. Bd3 Ne4 11. Bxe7 Qxe7 12. O-O Nxc3 13. bxc3 dxc4 14. Bxc4
e5 15. Nxe5 Nxe5 16. dxe5 Qxe5 17. Rd7 Bc6 18. Rd4 Qg5 19. e4 Rad8 20. Rfd1 Qe7
21. f3 Rd7 22. Qb3 Rfd8 23. Kh1 Kf8 24. h3 a5 25. Bb5 Bxb5 1/2-1/2

[Event "Pribina - TPK Cup   Mistrovství ÈR junio"]
[Site "Havlíèkùv Brod - hotel Slunce"]
[Date "2012.11.27"]
[Round "3.5"]
[White "Stárek, Stanislav"]
[Black "Macháò, Jan"]
[Result "1-0"]
[WhiteElo "2013"]
[BlackElo "2078"]
[PlyCount "57"]
[EventDate "2012.11.25"]

1. c4 Nf6 2. Nc3 d5 3. d4 g6 4. cxd5 Nxd5 5. e4 Nxc3 6. bxc3 Bg7 7. Bb5+ c6 8.
Ba4 O-O 9. Ne2 Be6 10. Bb3 Qc8 11. O-O Na6 12. Rb1 Bxb3 13. Qxb3 b6 14. Be3 Rd8
15. f4 c5 16. f5 c4 17. Qb5 Qb7 18. fxg6 hxg6 19. Qxc4 e6 20. Rf3 Rac8 21. Qa4
Nb8 22. e5 Qd7 23. Qd1 Nc6 24. Qe1 Qd5 25. Qf2 Rd7 26. Rf1 Nd8 27. Bg5 Qb7 28.
Qh4 Nc6 29. Rh3 1-0

[Event "Pribina - TPK Cup   Mistrovství ÈR junio"]
[Site "Havlíèkùv Brod - hotel Slunce"]
[Date "2012.11.27"]
[Round "3.6"]
[White "Krejèí, Martin"]
[Black "Dobeš, Vojtìch"]
[Result "1-0"]
[WhiteElo "1934"]
[BlackElo "2055"]
[PlyCount "47"]
[EventDate "2012.11.25"]

1. e4 c5 2. Nf3 Nf6 3. e5 Nd5 4. d4 cxd4 5. c3 e6 6. cxd4 Nc6 7. Bc4 d6 8. O-O
Be7 9. Re1 O-O 10. Nc3 Nxc3 11. bxc3 Qc7 12. exd6 Qxd6 13. Bd3 Bd7 14. Rb1 b6
15. Ng5 Bxg5 16. Bxg5 Ne7 17. Qh5 Ng6 18. Re3 f5 19. Rh3 Kf7 20. g4 fxg4 21.
Qxh7 Nf4 22. Rh6 Ke8 23. Bg6+ Rf7 24. Qg8+ 1-0

[Event "Pribina - TPK Cup   Mistrovství ÈR junio"]
[Site "Havlíèkùv Brod - hotel Slunce"]
[Date "2012.11.27"]
[Round "3.7"]
[White "Janèaøík, Joel"]
[Black "Šlampa, Jan"]
[Result "1/2-1/2"]
[WhiteElo "2242"]
[BlackElo "2024"]
[PlyCount "164"]
[EventDate "2012.11.25"]

1. e4 c6 2. d4 d5 3. Nd2 dxe4 4. Nxe4 Bf5 5. Ng3 Bg6 6. N1e2 e6 7. Nf4 Bd6 8.
Ngh5 Nf6 9. Nxg7+ Ke7 10. Be2 Bxf4 11. Bxf4 h5 12. Qd2 a5 13. Qe3 Qd7 14. Be5
Qc8 15. Bxf6+ Kxf6 16. Qe5+ Ke7 17. Qg5+ Kd7 18. Nxh5 Qd8 19. Nf6+ Kc8 20. Qe5
Nd7 21. Nxd7 Kxd7 22. c3 Rh7 23. g3 Qb6 24. b3 Rah8 25. h4 a4 26. b4 Qd8 27. a3
f6 28. Qe3 f5 29. Qf4 Bh5 30. Bc4 Qf6 31. b5 c5 32. b6 Rc8 33. Bb5+ Ke7 34. O-O
Rg7 35. Rfe1 Rg4 36. Qe5 cxd4 37. Qxf6+ Kxf6 38. Be2 Rxc3 39. Bxg4 Bxg4 40. Kf1
Bf3 41. Rec1 Rb3 42. Rcb1 Be4 43. Rd1 e5 44. Rd2 Rxb6 45. Ke1 Rb3 46. Rda2 b5
47. Kd2 Bb1 48. Rxb1 Rxb1 49. Kd3 Rb3+ 50. Ke2 e4 51. Kd2 Rf3 52. Ke2 Rb3 53.
Kd2 Rb1 54. Ke2 d3+ 55. Kd2 Ke5 56. Kc3 Rb3+ 57. Kd2 Kd4 58. h5 Rb1 59. h6 Rh1
60. Rb2 Kc5 61. g4 fxg4 62. Rb4 Rxh6 63. Rxe4 Rf6 64. Rxg4 Rxf2+ 65. Kxd3 Rf3+
66. Kc2 Rxa3 67. Kb2 Rd3 68. Rg8 Rd4 69. Ka3 Rd3+ 70. Kb2 Kb4 71. Rg4+ Ka5 72.
Rg5 Rh3 73. Ka2 a3 74. Rg8 Ka4 75. Ra8+ Kb4 76. Rg8 Rh2+ 77. Kb1 a2+ 78. Ka1
Rc2 79. Rb8 Kc4 80. Rc8+ Kd3 81. Rd8+ Ke2 82. Rd2+ Rxd2 1/2-1/2

[Event "Pribina - TPK Cup   Mistrovství ÈR junio"]
[Site "Havlíèkùv Brod - hotel Slunce"]
[Date "2012.11.27"]
[Round "3.8"]
[White "Braun, Marek"]
[Black "Hrdina, Robin"]
[Result "1/2-1/2"]
[WhiteElo "2232"]
[BlackElo "2007"]
[PlyCount "81"]
[EventDate "2012.11.25"]

1. e4 c5 2. Nf3 e6 3. d4 cxd4 4. Nxd4 a6 5. Nc3 Qc7 6. Bd3 Nf6 7. f4 d6 8. a4
Nc6 9. Nb3 b6 10. Be3 Be7 11. O-O O-O 12. Qf3 Bb7 13. Qh3 e5 14. Nd5 Qc8 15.
Qxc8 Raxc8 16. Nxb6 Rc7 17. c3 exf4 18. Bxf4 Ne5 19. Bxe5 dxe5 20. Rfe1 Rd8 21.
Rad1 Nxe4 22. Bxe4 Rxd1 23. Bxh7+ Kxh7 24. Rxd1 Bg5 25. Kf2 Be4 26. Na5 Bc2 27.
Rd7 Rc5 28. Nbc4 e4 29. Rxf7 e3+ 30. Ke1 Rd5 31. Rf3 Bxa4 32. b4 Rd3 33. Nb2
Rxc3 34. Nxa4 Rc1+ 35. Ke2 Rc2+ 36. Ke1 Rc1+ 37. Ke2 Rc2+ 38. Kd1 e2+ 39. Ke1
Bd2+ 40. Kxe2 Bxb4+ 41. Kd3 1/2-1/2

[Event "Pribina - TPK Cup   Mistrovství ÈR junio"]
[Site "Havlíèkùv Brod - hotel Slunce"]
[Date "2012.11.27"]
[Round "3.9"]
[White "Rubeš, Jan"]
[Black "Pýcha, Patrik"]
[Result "1-0"]
[WhiteElo "2130"]
[BlackElo "1946"]
[PlyCount "79"]
[EventDate "2012.11.25"]

1. d4 d5 2. c4 e6 3. Nc3 Nf6 4. cxd5 exd5 5. Bg5 Be7 6. e3 O-O 7. Qc2 c6 8. Bd3
Nbd7 9. Nge2 Re8 10. O-O h6 11. Bh4 Ne4 12. Bxe7 Qxe7 13. Bxe4 dxe4 14. b4 Qxb4
15. Nxe4 Qe7 16. N4g3 Nf6 17. Rab1 Bg4 18. Nf4 g5 19. Nd3 Rad8 20. Ne5 Bc8 21.
Rfc1 Rd5 22. Nd3 Ne4 23. Nb4 Rdd8 24. Qxe4 Qxe4 25. Nxe4 Rxe4 26. Nd3 Re7 27.
Rb2 Bf5 28. Nc5 b6 29. Nb3 Rc8 30. h3 Rec7 31. f3 Be6 32. Rbc2 Bxb3 33. axb3
Kf8 34. Kf2 Ke7 35. e4 Kd6 36. h4 c5 37. d5 b5 38. Ra1 f6 39. Ra6+ Ke5 40. Ke3
1-0

[Event "Pribina - TPK Cup   Mistrovství ÈR junio"]
[Site "Havlíèkùv Brod - hotel Slunce"]
[Date "2012.11.27"]
[Round "3.10"]
[White "Malèánek, Jan"]
[Black "Gabriel, Adam"]
[Result "0-1"]
[WhiteElo "1991"]
[BlackElo "2129"]
[PlyCount "50"]
[EventDate "2012.11.25"]

1. e4 d6 2. d4 Nf6 3. Nc3 g6 4. f4 Bg7 5. Nf3 a6 6. Bd3 b5 7. a3 Bb7 8. O-O
Nbd7 9. e5 Nd5 10. Ne4 N7b6 11. e6 f5 12. Neg5 O-O 13. Qe1 Qc8 14. Qh4 Nf6 15.
Re1 Nh5 16. g4 fxg4 17. Qxg4 Nf6 18. Qh3 c5 19. dxc5 Qxc5+ 20. Be3 Qc6 21. Nd4
Qc8 22. f5 Nbd5 23. fxg6 Nxe3 24. Qxe3 Ng4 25. gxh7+ Kh8 0-1

[Event "Pribina - TPK Cup   Mistrovství ÈR junio"]
[Site "Havlíèkùv Brod - hotel Slunce"]
[Date "2012.11.27"]
[Round "3.11"]
[White "Walek, Petr"]
[Black "Stachoò, Martin"]
[Result "1/2-1/2"]
[WhiteElo "1969"]
[BlackElo "2127"]
[PlyCount "68"]
[EventDate "2012.11.25"]

1. e4 c5 2. Nf3 e6 3. d3 Nc6 4. g3 d5 5. Nbd2 Nf6 6. Bg2 Be7 7. O-O O-O 8. e5
Nd7 9. Re1 b5 10. h4 a5 11. Nf1 b4 12. Bf4 a4 13. a3 bxa3 14. bxa3 Rb8 15. N1h2
Ba6 16. Ng5 Nd4 17. Nhf3 Qa5 18. Nxd4 cxd4 19. Qg4 Rb6 20. Nf3 Rfb8 21. Bd2 Qc5
22. Bb4 Rxb4 23. axb4 Rxb4 24. Ra2 h6 25. Qf4 Nb6 26. Qd2 Bb5 27. Rc1 Qc3 28.
Rca1 Rb2 29. Rxb2 Qxb2 30. Qc1 Qc3 31. Rb1 a3 32. Rb3 Qa5 33. Nxd4 Ba4 34. Rxa3
Qb4 1/2-1/2

[Event "Pribina - TPK Cup   Mistrovství ÈR junio"]
[Site "Havlíèkùv Brod - hotel Slunce"]
[Date "2012.11.27"]
[Round "3.12"]
[White "Toman, Ondøej"]
[Black "Marek, Matyáš"]
[Result "1-0"]
[WhiteElo "2101"]
[BlackElo "1973"]
[PlyCount "93"]
[EventDate "2012.11.25"]

1. e4 d6 2. d4 Nf6 3. Nc3 e5 4. d5 g6 5. Bg5 h6 6. Bh4 Bg7 7. Nf3 Nbd7 8. Bd3
a6 9. Qe2 Nf8 10. Nd1 g5 11. Bg3 Ng6 12. c4 O-O 13. Rc1 Qe7 14. Qc2 Nh5 15. b4
a5 16. a3 axb4 17. axb4 Ra3 18. O-O Nhf4 19. Nc3 Nxd3 20. Qxd3 h5 21. h3 f5 22.
exf5 Bxf5 23. Qe3 Nf4 24. h4 Nd3 25. Nb5 Ra2 26. Rcd1 g4 27. Ng5 Nb2 28. Qb3
Rfa8 29. Rd2 e4 30. c5 Qf6 31. cxd6 cxd6 32. Bxd6 Ra1 33. Rxa1 Rxa1+ 34. Kh2 e3
35. Qxe3 Bd7 36. Rxb2 Qxb2 37. Qe4 Qb1 38. Qe7 Qf5 39. Qd8+ Bf8 40. Nd4 Qxf2
41. Ngf3 g3+ 42. Bxg3 Qe3 43. Qxd7 Qe7 44. Qf5 Qf7 45. Qg5+ Bg7 46. Nf5 b5 47.
Nh6+ 1-0

[Event "Pribina - TPK Cup   Mistrovství ÈR junio"]
[Site "Havlíèkùv Brod - hotel Slunce"]
[Date "2012.11.27"]
[Round "3.13"]
[White "Výprachtický, David"]
[Black "Kratochvíl, Vít"]
[Result "1-0"]
[WhiteElo "2092"]
[BlackElo "1944"]
[PlyCount "77"]
[EventDate "2012.11.25"]

1. c4 c5 2. Nc3 Nc6 3. g3 g6 4. Bg2 Bg7 5. Nf3 d6 6. O-O Bd7 7. e3 Qc8 8. Nd5
Nf6 9. d4 Nxd5 10. cxd5 Nb4 11. e4 Bb5 12. a3 Nd3 13. Qb3 Qd7 14. Bh3 f5 15.
exf5 c4 16. Qc3 gxf5 17. Ng5 Nxc1 18. Raxc1 Bh6 19. Ne6 Bxc1 20. Rxc1 Qc8 21.
Bxf5 Bd7 22. Qf3 Bxe6 23. Bxe6 Qc7 24. Qf7+ Kd8 25. Qg7 Re8 26. Bf7 Qd7 27.
Rxc4 Qb5 28. Rb4 Qe2 29. Bxe8 Rc8 30. Qf8 Rc1+ 31. Kg2 Qf1+ 32. Kf3 Qd1+ 33.
Kf4 Qd2+ 34. Kg4 Qe2+ 35. f3 Kc7 36. Qf5 h5+ 37. Kh3 Kb8 38. Bc6 Qf1+ 39. Kh4
1-0

[Event "Pribina - TPK Cup   Mistrovství ÈR junio"]
[Site "Havlíèkùv Brod - hotel Slunce"]
[Date "2012.11.27"]
[Round "3.14"]
[White "Svoboda, Matìj"]
[Black "Èáp, Adam"]
[Result "0-1"]
[WhiteElo "1955"]
[BlackElo "2028"]
[PlyCount "76"]
[EventDate "2012.11.25"]

1. e4 e5 2. Nf3 Nc6 3. Bb5 a6 4. Ba4 Nf6 5. O-O b5 6. Bb3 Be7 7. Re1 d6 8. c3
O-O 9. h3 Na5 10. Bc2 c5 11. d4 cxd4 12. cxd4 Qc7 13. Nbd2 Nc6 14. d5 Nb4 15.
Bb1 a5 16. Nf1 Bd7 17. Bd2 Na6 18. Bc2 Rfc8 19. Rc1 Nc5 20. Ng3 Qb7 21. Nh4
Nfxe4 22. Nxe4 Nxe4 23. Bxe4 Rxc1 24. Bxc1 Bxh4 25. Qh5 f5 26. Qxh4 fxe4 27.
Qxe4 Rc8 28. b3 Be6 29. dxe6 Qxe4 30. Rxe4 Rxc1+ 31. Kh2 Kf8 32. f4 Ke7 33.
fxe5 d5 34. Rg4 Kxe6 35. Rxg7 d4 36. Rxh7 d3 37. Rh6+ Kxe5 38. Rh5+ Ke4 0-1

[Event "Pribina - TPK Cup   Mistrovství ÈR junio"]
[Site "Havlíèkùv Brod - hotel Slunce"]
[Date "2012.11.27"]
[Round "3.15"]
[White "Seidl, Štìpán"]
[Black "Szücs, Matyáš"]
[Result "1/2-1/2"]
[WhiteElo "2185"]
[BlackElo "1934"]
[PlyCount "65"]
[EventDate "2012.11.25"]

1. e4 e6 2. d3 d5 3. Nd2 c5 4. Ngf3 Nc6 5. g3 g6 6. Bg2 Bg7 7. O-O Nge7 8. Re1
a5 9. Qe2 a4 10. a3 b6 11. h4 Ba6 12. e5 Rc8 13. b3 Nf5 14. bxa4 Nfd4 15. Qd1
Qc7 16. Nxd4 cxd4 17. f4 Ne7 18. Nf3 Nf5 19. g4 Ne3 20. Bxe3 dxe3 21. Rxe3 O-O
22. Rb1 Qc6 23. Bf1 Qxa4 24. d4 Bxf1 25. Kxf1 Rxc2 26. Ne1 Qa6+ 27. Kg1 Rc4 28.
Reb3 Qa4 29. Rd3 Qa7 30. Rb5 Rfc8 31. Qb3 Bf8 32. Kf2 R8c6 33. Ke3 1/2-1/2

[Event "Pribina - TPK Cup   Mistrovství ÈR junio"]
[Site "Havlíèkùv Brod - hotel Slunce"]
[Date "2012.11.27"]
[Round "3.16"]
[White "Danìk, Daniel"]
[Black "Straka, Vojtìch"]
[Result "0-1"]
[WhiteElo "1802"]
[BlackElo "2285"]
[PlyCount "82"]
[EventDate "2012.11.25"]

1. d4 Nf6 2. Nf3 e6 3. e3 b6 4. Bd3 Bb7 5. O-O c5 6. b3 cxd4 7. exd4 Nc6 8. Bb2
Be7 9. c4 d5 10. Nbd2 O-O 11. Ne5 Rc8 12. Ndf3 Rc7 13. Nxc6 Bxc6 14. Ne5 Bb7
15. Qe2 Qa8 16. f4 g6 17. a3 Rd8 18. Rae1 Qc8 19. g4 dxc4 20. bxc4 Ba8 21. g5
Nh5 22. Nxf7 Kxf7 23. f5 exf5 24. Bxf5 gxf5 25. Qxh5+ Kg8 26. g6 Bf6 27. Re3
Rg7 28. Rg3 hxg6 29. Rxg6 Qb7 30. Rxf5 Qf7 31. Rg3 Rxg3+ 32. hxg3 Qxh5 33. Rxh5
Bxd4+ 34. Bxd4 Rxd4 35. Re5 Kf7 36. Rf5+ Ke6 37. Rf8 Bc6 38. Rh8 Rxc4 39. Rh6+
Kd5 40. Rh5+ Kd4 41. Rh8 a5 0-1

[Event "Pribina - TPK Cup   Mistrovství ÈR junio"]
[Site "Havlíèkùv Brod - hotel Slunce"]
[Date "2012.11.27"]
[Round "3.17"]
[White "Škuthan, Jiøí"]
[Black "Rabatin, Jakub"]
[Result "0-1"]
[WhiteElo "1782"]
[BlackElo "2209"]
[PlyCount "84"]
[EventDate "2012.11.25"]

1. e4 c5 2. Nf3 Nc6 3. d4 cxd4 4. Nxd4 Nf6 5. Nc3 d6 6. Bc4 e6 7. Be3 Be7 8.
Bb3 a6 9. Qe2 Qc7 10. O-O-O O-O 11. g4 Nxd4 12. Rxd4 Nd7 13. g5 Nc5 14. h4 b5
15. h5 Bb7 16. g6 Bf6 17. Qg4 Nxb3+ 18. axb3 Bxd4 19. gxh7+ Kh8 20. Bxd4 e5 21.
Be3 f5 22. Qg6 f4 23. Bd2 Rf6 24. Qg5 b4 25. Nd5 Bxd5 26. exd5 Rc8 27. c4 bxc3
28. bxc3 Qf7 29. Rg1 Kxh7 30. Kb2 Rc7 31. c4 Rf5 32. Qg6+ Qxg6 33. hxg6+ Kh6
34. Bb4 Rf6 35. Kc3 Rd7 36. Ra1 Kxg6 37. Rxa6 Kf5 38. Ba3 g5 39. Kd2 g4 40. Ke2
Ke4 41. b4 f3+ 42. Kf1 Rh6 0-1

[Event "Pribina - TPK Cup   Mistrovství ÈR junio"]
[Site "Havlíèkùv Brod - hotel Slunce"]
[Date "2012.11.27"]
[Round "3.18"]
[White "Haman, Jakub"]
[Black "Šaffová, Michaela"]
[Result "1-0"]
[WhiteElo "2129"]
[BlackElo "1743"]
[PlyCount "59"]
[EventDate "2012.11.25"]

1. e4 e6 2. d4 d5 3. Nd2 Nf6 4. e5 Nfd7 5. Bd3 c5 6. c3 Nc6 7. Ne2 f6 8. exf6
Nxf6 9. O-O cxd4 10. cxd4 Bd6 11. Nf3 O-O 12. Bf4 Bc7 13. Bg3 Bd7 14. Rc1 Bxg3
15. Nxg3 Qb6 16. Qd2 Kh8 17. Bb1 Rae8 18. Rfe1 Re7 19. Rc3 a5 20. h3 a4 21.
Rce3 Na5 22. b3 axb3 23. axb3 g6 24. Ne5 Kg7 25. Rf3 Nc6 26. Qg5 Ne4 27. Bxe4
dxe4 28. Nh5+ Kg8 29. Nxc6 exf3 30. Nxe7+ 1-0

[Event "Pribina - TPK Cup   Mistrovství ÈR junio"]
[Site "Havlíèkùv Brod - hotel Slunce"]
[Date "2012.11.27"]
[Round "3.19"]
[White "Rùžièka, Václav"]
[Black "Kopøiva, Martin"]
[Result "1/2-1/2"]
[WhiteElo "2072"]
[BlackElo "1776"]
[PlyCount "68"]
[EventDate "2012.11.25"]

1. c4 e6 2. Nc3 d5 3. d4 Nf6 4. cxd5 exd5 5. Nf3 c6 6. Bg5 Be7 7. e3 O-O 8. Qc2
Nbd7 9. Bd3 h6 10. h4 Qa5 11. Ne5 c5 12. O-O-O c4 13. Bf5 Bb4 14. g4 Nxe5 15.
dxe5 Bxf5 16. gxf5 Bxc3 17. Bxf6 Bxb2+ 18. Qxb2 gxf6 19. e6 fxe6 20. fxe6 c3
21. Qb3 Qa6 22. Rxd5 Qe2 23. e7 Qb2+ 24. Qxb2 cxb2+ 25. Kxb2 Rfe8 26. Rd7 Kf7
27. Rc1 Rxe7 28. Rxe7+ Kxe7 29. Rc7+ Ke6 30. Rxb7 Kf5 31. Rg7 a6 32. Kc3 Rc8+
33. Kd3 Rd8+ 34. Kc3 Rc8+ 1/2-1/2

[Event "Pribina - TPK Cup   Mistrovství ÈR junio"]
[Site "Havlíèkùv Brod - hotel Slunce"]
[Date "2012.11.27"]
[Round "3.20"]
[White "Schaffer, Ondøej"]
[Black "Ptáèek, Tomáš"]
[Result "1/2-1/2"]
[WhiteElo "1748"]
[BlackElo "2007"]
[PlyCount "77"]
[EventDate "2012.11.25"]

1. d4 e6 2. c4 d5 3. Nf3 Nf6 4. Bg5 Be7 5. Nc3 O-O 6. e3 h6 7. Bh4 b6 8. Bd3
Bb7 9. O-O Nbd7 10. cxd5 exd5 11. Rc1 c5 12. Ne2 c4 13. Bb1 b5 14. Ng3 Re8 15.
Nf5 Bf8 16. Re1 g6 17. Ng3 Qb6 18. Bxf6 Qxf6 19. Qc2 Bg7 20. Re2 Re6 21. Rce1
Rae8 22. Qc3 a6 23. Qa5 R6e7 24. Bc2 Qb6 25. Qxb6 Nxb6 26. a3 Kf8 27. Kf1 a5
28. Ra1 Re6 29. Ke1 Nd7 30. Kd2 Kg8 31. Rae1 b4 32. Ba4 R8e7 33. Bxd7 Rxd7 34.
axb4 axb4 35. Rc1 Rc7 36. Kc2 Bc6 37. Ree1 Ba4+ 38. Kd2 Bb3 39. Ra1 1/2-1/2

[Event "Pribina - TPK Cup   Mistrovství ÈR junio"]
[Site "Havlíèkùv Brod - hotel Slunce"]
[Date "2012.11.27"]
[Round "3.21"]
[White "Tùma, Jan"]
[Black "Pospíšil, Martin"]
[Result "0-1"]
[WhiteElo "1738"]
[BlackElo "2007"]
[PlyCount "64"]
[EventDate "2012.11.25"]

1. e4 c5 2. Nf3 d6 3. d4 cxd4 4. Nxd4 Nf6 5. Nc3 g6 6. Be3 Bg7 7. f3 O-O 8. Qd2
Nc6 9. O-O-O Nxd4 10. Bxd4 Be6 11. Kb1 Qc7 12. g4 Rfc8 13. h4 Qa5 14. Nd5 Qxd2
15. Nxf6+ Bxf6 16. Rxd2 Kg7 17. g5 Bxd4 18. Rxd4 Rc5 19. Bh3 Bxh3 20. Rxh3 h6
21. f4 Rh8 22. a4 hxg5 23. b4 g4 24. Rg3 Rch5 25. Rxg4 Rxh4 26. Rg5 Rxf4 27.
Rb5 b6 28. a5 Rhh4 29. axb6 axb6 30. Rxb6 Rxe4 31. Rxe4 Rxe4 32. b5 g5 0-1

[Event "Pribina - TPK Cup   Mistrovství ÈR junio"]
[Site "Havlíèkùv Brod - hotel Slunce"]
[Date "2012.11.27"]
[Round "3.22"]
[White "Liduch, Filip"]
[Black "Zezula, Rudolf"]
[Result "1/2-1/2"]
[WhiteElo "1697"]
[BlackElo "1995"]
[PlyCount "85"]
[EventDate "2012.11.25"]

1. e4 Nc6 2. d4 d5 3. e5 Bf5 4. c3 Qd7 5. Bd3 Bxd3 6. Qxd3 e6 7. Nf3 Nge7 8.
O-O Ng6 9. Re1 Be7 10. g3 O-O 11. h4 f6 12. h5 fxe5 13. hxg6 e4 14. gxh7+ Kh8
15. Qe2 Rxf3 16. Nd2 Rf6 17. Nf1 Raf8 18. Be3 e5 19. Nh2 exd4 20. cxd4 Bd6 21.
a3 Rg6 22. Kg2 Ne7 23. Rh1 Nf5 24. Nf1 Qe7 25. Rc1 Nh4+ 26. Kg1 Nf3+ 27. Kg2 c6
28. Rc2 Qf6 29. Qd1 Bf4 30. Bxf4 Qxf4 31. Nh2 Qf5 32. Nxf3 exf3+ 33. Kg1 Rh6
34. Rxh6 gxh6 35. Rc3 Kxh7 36. Re3 Rf7 37. b4 h5 38. Re5 Qh3 39. Qd3+ Kh8 40.
Qf1 Qg4 41. Qc1 Kh7 42. Qc2+ Kh8 43. Qc1 1/2-1/2

[Event "Pribina - TPK Cup   Mistrovství ÈR junio"]
[Site "Havlíèkùv Brod - hotel Slunce"]
[Date "2012.11.27"]
[Round "3.23"]
[White "Franìk, Jan"]
[Black "Paøízek, Vojtìch"]
[Result "1-0"]
[WhiteElo "1976"]
[BlackElo "1727"]
[PlyCount "58"]
[EventDate "2012.11.25"]

1. e4 c5 2. Nf3 Nc6 3. Bb5 Nf6 4. e5 Nd5 5. Nc3 Nxc3 6. bxc3 g6 7. O-O Bg7 8.
d4 Qb6 9. Bc4 O-O 10. Be3 d6 11. exd6 exd6 12. Qd2 Bg4 13. Rab1 Qa5 14. Ng5
cxd4 15. cxd4 Qxd2 16. Bxd2 Nxd4 17. Rxb7 Be6 18. Nxe6 Nxe6 19. Re1 Rfe8 20.
Bb3 Bd4 21. Bf4 d5 22. Bd6 Rad8 23. Ba4 Nc5 24. Bxe8 Nxb7 25. Bc7 Rc8 26. Re7
f6 27. Bc6 Bc5 28. Bxd5+ Kf8 29. Rf7+ Ke8 1-0

[Event "Pribina - TPK Cup   Mistrovství ÈR junio"]
[Site "Havlíèkùv Brod - hotel Slunce"]
[Date "2012.11.27"]
[Round "3.24"]
[White "Richterová, Nataša"]
[Black "Kaòáková, Natálie"]
[Result "0-1"]
[WhiteElo "1945"]
[BlackElo "1654"]
[PlyCount "88"]
[EventDate "2012.11.25"]

1. e4 c5 2. Nf3 Nc6 3. Bb5 g6 4. Bxc6 bxc6 5. O-O Bg7 6. c3 Nf6 7. Re1 O-O 8.
d4 cxd4 9. cxd4 Rb8 10. Nc3 d6 11. h3 Qa5 12. Qd2 Rb7 13. Qe2 Be6 14. Be3 Rfb8
15. Reb1 Nd7 16. Qd2 c5 17. b3 cxd4 18. Bxd4 Ne5 19. Nxe5 Bxe5 20. Bxe5 Qxe5
21. Rc1 Rc8 22. Rc2 Rbc7 23. Rac1 Kg7 24. Na4 Rxc2 25. Rxc2 Rxc2 26. Qxc2 Qa1+
27. Kh2 Qe5+ 28. Kg1 Qa1+ 29. Kh2 Qe5+ 30. g3 Qh5 31. Qc3+ f6 32. Qe3 Bxh3 33.
f4 Bd7+ 34. Kg1 Bxa4 35. bxa4 Qc5 36. Kf2 Kf7 37. Kf3 Qxe3+ 38. Kxe3 Ke6 39.
Kd4 h5 40. Ke3 g5 41. Kf3 d5 42. exd5+ Kxd5 43. fxg5 fxg5 44. a5 e5 0-1

[Event "Pribina - TPK Cup   Mistrovství ÈR junio"]
[Site "Havlíèkùv Brod - hotel Slunce"]
[Date "2012.11.27"]
[Round "3.25"]
[White "Zpìváková, Jana"]
[Black "Bobek, Daniel"]
[Result "1/2-1/2"]
[WhiteElo "1921"]
[BlackElo "1629"]
[PlyCount "66"]
[EventDate "2012.11.25"]

1. d4 c6 2. c4 d5 3. Nf3 Bf5 4. Nc3 e6 5. Qb3 Qc8 6. Nh4 Bg6 7. Nxg6 hxg6 8.
Bf4 dxc4 9. Qxc4 Nd7 10. e4 Ngf6 11. Rc1 Be7 12. Be2 O-O 13. h4 Nb6 14. Qd3 Nh7
15. e5 Rd8 16. Ne4 Qd7 17. Rd1 Qd5 18. b3 Qa5+ 19. Kf1 Qxa2 20. Bg5 Nd5 21.
Bxe7 Nxe7 22. h5 g5 23. h6 g6 24. g4 Nd5 25. Qf3 Nf4 26. Nxg5 Qxe2+ 27. Qxe2
Nxe2 28. Nxh7 Kxh7 29. Kxe2 Rd5 30. g5 Rad8 31. Rh4 c5 32. Rf4 R8d7 33. Ke3
cxd4+ 1/2-1/2

[Event "Pribina - TPK Cup   Mistrovství ÈR junio"]
[Site "Havlíèkùv Brod - hotel Slunce"]
[Date "2012.11.27"]
[Round "3.26"]
[White "Kuchaø, Tomáš"]
[Black "Hánl, František"]
[Result "0-1"]
[WhiteElo "1697"]
[BlackElo "1917"]
[PlyCount "96"]
[EventDate "2012.11.25"]

1. e4 c6 2. d4 d5 3. exd5 cxd5 4. Bd3 Nc6 5. c3 Nf6 6. Bf4 g6 7. Nd2 Bg7 8. h3
O-O 9. Ngf3 Nh5 10. Bh2 f5 11. Qe2 Rf6 12. Ne5 f4 13. Ndf3 Nxe5 14. Nxe5 Bf5
15. O-O Bxd3 16. Nxd3 f3 17. Qe3 fxg2 18. Rfe1 Rf7 19. Qe6 Rc8 20. Nc5 Nf6 21.
Nxb7 Qe8 22. Re2 Qc6 23. Nc5 Qe8 24. Qa6 Rc6 25. Qxa7 e5 26. Qa5 e4 27. a4 Qc8
28. Qb5 Bf8 29. b4 Bxc5 30. dxc5 Rb7 31. Qa5 Rf7 32. Kxg2 Qf5 33. Qb5 Rc8 34.
a5 Qf3+ 35. Kg1 Qxh3 36. Re3 Qh4 37. Bg3 Qg5 38. Ra2 Ng4 39. Ree2 Nxf2 40. Kg2
Rf3 41. Rxf2 Qxg3+ 42. Kh1 Rxf2 43. Rxf2 Qxf2 44. Qd7 Rf8 45. Qxd5+ Qf7 46. Qd1
e3 47. a6 Qc4 48. Kg1 e2 0-1